00477nam a22001337a 4500003000200000005001700002008004100019050002200060245013400082260007200216300003200288500001300320500001000333020230314134638.0230314b xxu||||| |||| 00| 0 eng d aHN 716b.M36 2022 aQuality of life and burnout as correlates to adversity quotient among middle adult sandwich generartioncJordan Oneal D. Manlapaz aLas Pinas CitybSouthville International School and CollegescC2022 axiii, 222pp.c28cm.fTheses aQuality. aLife.